000 00243nam a2200097Ia 4500
008 170619s9999 xx 000 0 und d
100 _aOliver / Cage
245 0 _aElectronic Measurements and instrumentation
260 _bMc Graw Hill
260 _c1975
546 _aENGLISH
999 _c17499
_d17499